00561nam a22001817a 450000500170000001000150001702000230003202000180005503500140007303700130008708200080010024500940010826000350020227000670023730000180030470000260032270000310034820231211161254.0 aENG-137544 a8179942279c400.00 a9788179942277 aEN-137544 bDBAD/PUB a51010aHistory of Hindu Mathematics/cEdited by Venugopal D. Heroor and Neminath B. Naduvinamani aBengaluru bSakshi Trustc2021 a63,13th Main, 4th Block East, Jaya Nagar bBengaluru - 560011 a462p.c22(hb) aHeroor, Venugopal D.  aNaduvinamani, Neminath B.